| 000 | 00421nam a2200145Ia 4500 | ||
|---|---|---|---|
| 008 | 220217s9999 xx 000 0 und d | ||
| 245 | 0 | _aSpecification for braided oil and solvent resisting hose of rubber | |
| 260 | _c1965 | ||
| 500 | _aStandard number: IS 3418 | ||
| 650 | _aBraided textile reinforcement | ||
| 650 | _aOil resistant hose | ||
| 650 | _aRubber hose | ||
| 650 | _aSolvent resistant hose | ||
| 942 | _cST | ||
| 999 |
_c73696 _d73696 |
||